[Event "DVM U20 2017"]
[Site "Düsseldorf GER"]
[Date "2017.12.28"]
[Round "3"]
[White "Rempe, Moritz"]
[Black "Wanner, Lukas"]
[Result "0-1"]
[Termination "normal"]
[Board "2.3"]
[WhiteElo "1990"]
[BlackElo "2024"]
[WhiteClock "00:02:19"]
[BlackClock "00:02:02"]
[WhiteTeam "SG Bochum"]
[BlackTeam "SK Doppelbauer Kiel"]
[PlyCount "94"]
[WhiteFideId "12906867"]
[BlackFideId "12918148"]
[EventCountry "GER"]
[EventRounds "7"]
[EventType "team-swiss"]
[EventDate "2017.12.26"]

1. d4 {[%clk 1:30:50]} Nf6 {[%clk 1:30:35]} 2. c4 {[%clk 1:31:05]} g6 {[%clk
1:30:59]} 3. Nf3 {[%clk 1:31:17]} Bg7 {[%clk 1:31:20]} 4. Nc3 {[%clk 1:31:17]}
d6 {[%clk 1:31:25]} 5. h3 {[%clk 1:22:55]} O-O {[%clk 1:29:06]} 6. Bg5 {[%clk
1:20:53]} c5 {[%clk 1:27:20]} 7. e3 {[%clk 1:14:26]} b6 {[%clk 1:18:51]} 8. Be2
{[%clk 1:01:34]} Bb7 {[%clk 1:17:51]} 9. O-O {[%clk 1:00:43]} Na6 {[%clk
1:11:56]} 10. d5 {[%clk 0:54:52]} Nc7 {[%clk 1:11:42]} 11. Qd2 {[%clk 0:50:17]}
h6 {[%clk 1:07:04]} 12. Bxf6 {[%clk 0:47:47]} Bxf6 {[%clk 1:07:26]} 13. e4
{[%clk 0:46:57]} Bg7 {[%clk 1:06:11]} 14. Nh4 {[%clk 0:38:14]} e6 {[%clk
1:00:35]} 15. g3 {[%clk 0:37:16]} exd5 {[%clk 1:00:31]} 16. exd5 {[%clk
0:37:29]} a6 {[%clk 0:57:55]} 17. Rab1 {[%clk 0:35:50]} Re8 {[%clk 0:55:42]}
18. Bd3 {[%clk 0:34:02]} Qd7 {[%clk 0:54:30]} 19. Kg2 {[%clk 0:31:16]} b5
{[%clk 0:53:27]} 20. b3 {[%clk 0:30:33]} b4 {[%clk 0:30:13]} 21. Na4 {[%clk
0:27:17]} Qe7 {[%clk 0:29:22]} 22. Nf3 {[%clk 0:25:03]} Qf6 {[%clk 0:27:07]}
23. Nb6 {[%clk 0:23:37]} Rad8 {[%clk 0:26:57]} 24. Be2 {[%clk 0:18:54]} Na8
{[%clk 0:25:01]} 25. Na4 {[%clk 0:18:18]} Bc8 {[%clk 0:25:16]} 26. Nb2 {[%clk
0:16:48]} Re7 {[%clk 0:22:07]} 27. Nd1 {[%clk 0:15:17]} Rde8 {[%clk 0:21:30]}
28. Ne3 {[%clk 0:15:07]} h5 {[%clk 0:20:46]} 29. Ne1 {[%clk 0:13:11]} Bh6
{[%clk 0:18:54]} 30. N1c2 {[%clk 0:13:01]} h4 {[%clk 0:12:49]} 31. Bg4 {[%clk
0:03:06]} Bf5 {[%clk 0:10:05]} 32. Bxf5 {[%clk 0:01:55]} gxf5 {[%clk 0:10:34]}
33. f4 {[%clk 0:02:15]} hxg3 {[%clk 0:10:44]} 34. Rf3 {[%clk 0:01:02]} Kh7
{[%clk 0:10:59]} 35. Re1 {[%clk 0:00:41]} Re4 {[%clk 0:10:55]} 36. Qd3 {[%clk
0:00:39]} Bxf4 {[%clk 0:08:41]} 37. Ng4 {[%clk 0:00:36]} fxg4 {[%clk 0:06:01]}
38. Rxe4 {[%clk 0:00:34]} gxf3+ {[%clk 0:06:26]} 39. Kxf3 {[%clk 0:00:55]} Rxe4
{[%clk 0:04:40]} 40. Qxe4+ {[%clk 0:01:19]} Kg7 {[%clk 0:03:04]} 41. Kg2 {[%clk
0:01:04]} Be5 {[%clk 0:03:07]} 42. Qg4+ {[%clk 0:01:00]} Qg6 {[%clk 0:03:30]}
43. Qe2 {[%clk 0:01:21]} Qf5 {[%clk 0:02:36]} 44. Ne3 {[%clk 0:01:33]} Qe4+
{[%clk 0:02:11]} 45. Qf3 {[%clk 0:01:55]} Qxf3+ {[%clk 0:02:09]} 46. Kxf3
{[%clk 0:02:20]} Kg6 {[%clk 0:02:12]} 47. h4 {[%clk 0:02:19]} f5 {[%clk
0:02:02]} 0-1

[Event "DVM U20 2017"]
[Site "Düsseldorf GER"]
[Date "2017.12.28"]
[Round "3"]
[White "Rieper, Julian"]
[Black "Wübker, Paul-Luca"]
[Result "0-1"]
[Termination "normal"]
[Board "2.4"]
[WhiteElo "2050"]
[BlackElo "2053"]
[WhiteClock "00:36:01"]
[BlackClock "00:08:36"]
[WhiteTeam "SK Doppelbauer Kiel"]
[BlackTeam "SG Bochum"]
[PlyCount "72"]
[WhiteFideId "12936960"]
[BlackFideId "12939528"]
[EventCountry "GER"]
[EventRounds "7"]
[EventType "team-swiss"]
[EventDate "2017.12.26"]

1. e4 {[%clk 1:30:58]} c5 {[%clk 1:30:55]} 2. Nf3 {[%clk 1:31:21]} d6 {[%clk
1:31:19]} 3. d4 {[%clk 1:31:47]} cxd4 {[%clk 1:31:44]} 4. Nxd4 {[%clk 1:32:14]}
Nf6 {[%clk 1:32:04]} 5. Nc3 {[%clk 1:32:38]} g6 {[%clk 1:32:31]} 6. Be3 {[%clk
1:33:01]} Bg7 {[%clk 1:32:56]} 7. f3 {[%clk 1:33:18]} O-O {[%clk 1:33:20]} 8.
Qd2 {[%clk 1:33:29]} Nc6 {[%clk 1:33:44]} 9. Bc4 {[%clk 1:33:46]} Bd7 {[%clk
1:34:08]} 10. O-O-O {[%clk 1:33:59]} Rb8 {[%clk 1:34:33]} 11. Bb3 {[%clk
1:34:12]} Na5 {[%clk 1:34:52]} 12. h4 {[%clk 1:33:50]} b5 {[%clk 1:35:12]} 13.
Bh6 {[%clk 1:29:05]} Bxh6 {[%clk 1:12:17]} 14. Qxh6 {[%clk 1:29:22]} e5 {[%clk
1:12:38]} 15. Nde2 {[%clk 1:26:42]} Nxb3+ {[%clk 1:12:46]} 16. axb3 {[%clk
1:22:38]} b4 {[%clk 1:07:55]} 17. Nd5 {[%clk 1:14:18]} Nxd5 {[%clk 1:08:16]}
18. exd5 {[%clk 1:14:05]} Qc7 {[%clk 0:47:45]} 19. g4 {[%clk 1:10:48]} Rfc8
{[%clk 0:45:23]} 20. Rd2 {[%clk 1:07:39]} Bb5 {[%clk 0:31:29]} 21. Kd1 {[%clk
0:58:40]} Bxe2+ {[%clk 0:25:15]} 22. Kxe2 {[%clk 0:57:24]} Rb5 {[%clk 0:24:45]}
23. h5 {[%clk 0:52:34]} Rc5 {[%clk 0:24:05]} 24. hxg6 {[%clk 0:51:42]} fxg6
{[%clk 0:24:26]} 25. Ke1 {[%clk 0:51:16]} Qf7 {[%clk 0:23:13]} 26. Rhh2 {[%clk
0:50:19]} R8c7 {[%clk 0:20:23]} 27. Qh4 {[%clk 0:46:04]} Rd7 {[%clk 0:12:07]}
28. g5 {[%clk 0:41:48]} Qxf3 {[%clk 0:10:02]} 29. Rhf2 {[%clk 0:39:41]} Qe3+
{[%clk 0:09:56]} 30. Kd1 {[%clk 0:38:23]} Ra5 {[%clk 0:08:34]} 31. c3 {[%clk
0:36:01]} bxc3 {[%clk 0:08:34]} 32. Qb4 {[%clk 0:35:58]} c2+ {[%clk 0:07:59]}
33. Kc1 {[%clk 0:35:14]} Ra1+ {[%clk 0:08:11]} 34. Kxc2 {[%clk 0:35:40]} Rc7+
{[%clk 0:08:36]} 35. Qc4 {[%clk 0:35:34]} Rxc4+ {[%clk 0:09:00]} 36. bxc4
{[%clk 0:36:01]} Ra4 {[%clk 0:08:36]} 0-1

[Event "DVM U20 2017"]
[Site "Düsseldorf GER"]
[Date "2017.12.28"]
[Round "3"]
[White "Finke, Dominik"]
[Black "Arndt, Magnus"]
[Result "0-1"]
[Termination "normal"]
[Board "2.5"]
[WhiteElo "2049"]
[BlackElo "2062"]
[WhiteClock "00:02:56"]
[BlackClock "00:07:34"]
[WhiteTeam "SG Bochum"]
[BlackTeam "SK Doppelbauer Kiel"]
[PlyCount "80"]
[WhiteFideId "16202511"]
[BlackFideId "12998656"]
[EventCountry "GER"]
[EventRounds "7"]
[EventType "team-swiss"]
[EventDate "2017.12.26"]

1. e4 {[%clk 1:30:54]} e5 {[%clk 1:30:58]} 2. Nf3 {[%clk 1:31:16]} Nc6 {[%clk
1:31:23]} 3. Bc4 {[%clk 1:31:41]} Nf6 {[%clk 1:31:46]} 4. d3 {[%clk 1:32:06]}
Be7 {[%clk 1:32:13]} 5. O-O {[%clk 1:32:22]} d6 {[%clk 1:32:38]} 6. c3 {[%clk
1:32:15]} O-O {[%clk 1:32:42]} 7. Bb3 {[%clk 1:32:18]} Na5 {[%clk 1:31:32]} 8.
Bc2 {[%clk 1:31:40]} c5 {[%clk 1:31:57]} 9. Nbd2 {[%clk 1:28:40]} Qc7 {[%clk
1:29:34]} 10. Re1 {[%clk 1:25:55]} Nc6 {[%clk 1:20:02]} 11. Nc4 {[%clk
1:12:33]} Rd8 {[%clk 1:05:39]} 12. Qe2 {[%clk 1:08:10]} h6 {[%clk 0:58:12]} 13.
h3 {[%clk 1:04:20]} Be6 {[%clk 0:53:40]} 14. a4 {[%clk 1:02:15]} a6 {[%clk
0:46:02]} 15. Ne3 {[%clk 0:59:31]} b5 {[%clk 0:43:27]} 16. Nf5 {[%clk 0:52:51]}
Bxf5 17. exf5 {[%clk 0:53:08]} Rab8 {[%clk 0:35:21]} 18. axb5 {[%clk 0:45:20]}
axb5 {[%clk 0:35:43]} 19. d4 {[%clk 0:41:40]} exd4 {[%clk 0:26:39]} 20. cxd4
{[%clk 0:41:32]} Re8 {[%clk 0:25:22]} 21. Qd1 {[%clk 0:36:47]} Bf8 {[%clk
0:22:16]} 22. Rxe8 {[%clk 0:34:23]} Rxe8 {[%clk 0:22:45]} 23. dxc5 {[%clk
0:32:25]} dxc5 {[%clk 0:23:07]} 24. b3 {[%clk 0:31:49]} Ne5 {[%clk 0:17:51]}
25. Bb2 {[%clk 0:28:54]} Bd6 {[%clk 0:16:41]} 26. Bd3 {[%clk 0:21:55]} c4
{[%clk 0:13:42]} 27. bxc4 {[%clk 0:13:19]} bxc4 {[%clk 0:14:05]} 28. Nxe5
{[%clk 0:13:30]} Bxe5 {[%clk 0:14:29]} 29. Bxe5 {[%clk 0:13:44]} Rxe5 {[%clk
0:14:34]} 30. Rc1 {[%clk 0:11:55]} Rc5 {[%clk 0:14:45]} 31. Be2 {[%clk
0:09:24]} c3 {[%clk 0:11:21]} 32. Qb3 {[%clk 0:07:29]} Ne4 {[%clk 0:09:09]} 33.
Bd3 {[%clk 0:06:41]} Nxf2 {[%clk 0:08:38]} 34. Bb1 {[%clk 0:01:22]} Nxh3+
{[%clk 0:05:58]} 35. gxh3 {[%clk 0:01:30]} Qg3+ {[%clk 0:06:27]} 36. Kh1 {[%clk
0:01:43]} Qxh3+ {[%clk 0:06:50]} 37. Kg1 {[%clk 0:02:09]} Qe3+ {[%clk 0:06:40]}
38. Kg2 {[%clk 0:02:06]} Qxc1 {[%clk 0:06:47]} 39. Qb8+ {[%clk 0:02:32]} Kh7
{[%clk 0:07:10]} 40. f6+ {[%clk 0:02:56]} c2 {[%clk 0:07:34]} 0-1

[Event "DVM U20 2017"]
[Site "Düsseldorf GER"]
[Date "2017.12.28"]
[Round "3"]
[White "Karlisch, Moritz"]
[Black "Fistoul, Boris"]
[Result "0-1"]
[Termination "normal"]
[Board "2.6"]
[WhiteElo "1859"]
[BlackElo "1924"]
[WhiteClock "00:01:36"]
[BlackClock "00:05:52"]
[WhiteTeam "SK Doppelbauer Kiel"]
[BlackTeam "SG Bochum"]
[PlyCount "120"]
[WhiteFideId "12964859"]
[BlackFideId "12953962"]
[EventCountry "GER"]
[EventRounds "7"]
[EventType "team-swiss"]
[EventDate "2017.12.26"]

1. d4 {[%clk 1:30:56]} e6 {[%clk 1:26:21]} 2. e4 {[%clk 1:31:22]} b6 {[%clk
1:26:48]} 3. Bd3 {[%clk 1:31:35]} Bb7 {[%clk 1:27:11]} 4. Nf3 {[%clk 1:31:58]}
c5 {[%clk 1:27:27]} 5. c3 {[%clk 1:32:16]} Nf6 {[%clk 1:27:39]} 6. e5 {[%clk
1:32:22]} Nd5 {[%clk 1:27:51]} 7. dxc5 {[%clk 1:31:33]} Bxc5 {[%clk 1:26:32]}
8. O-O {[%clk 1:28:09]} Nc6 {[%clk 1:05:41]} 9. Be4 {[%clk 1:24:40]} Nc7 {[%clk
1:05:46]} 10. Bf4 {[%clk 1:14:36]} Be7 {[%clk 0:54:24]} 11. Qd2 {[%clk
0:55:29]} Na5 {[%clk 0:46:31]} 12. Bxb7 {[%clk 0:50:23]} Nxb7 {[%clk 0:46:33]}
13. c4 {[%clk 0:42:42]} Rc8 {[%clk 0:34:46]} 14. Rd1 {[%clk 0:38:42]} h6 {[%clk
0:31:58]} 15. h3 {[%clk 0:34:50]} Na6 {[%clk 0:24:35]} 16. b3 {[%clk 0:31:20]}
Bb4 {[%clk 0:17:37]} 17. Qe2 {[%clk 0:27:38]} O-O {[%clk 0:17:06]} 18. a3
{[%clk 0:27:07]} Be7 {[%clk 0:17:26]} 19. Nc3 {[%clk 0:26:20]} Nb8 {[%clk
0:16:45]} 20. Nb5 {[%clk 0:21:25]} a6 {[%clk 0:15:53]} 21. Nd6 {[%clk 0:21:05]}
Nxd6 {[%clk 0:14:55]} 22. exd6 {[%clk 0:21:34]} Bf6 {[%clk 0:15:14]} 23. Rac1
{[%clk 0:21:15]} Nc6 {[%clk 0:13:32]} 24. b4 {[%clk 0:18:11]} Re8 {[%clk
0:13:10]} 25. b5 {[%clk 0:13:10]} e5 {[%clk 0:10:32]} 26. bxc6 {[%clk 0:06:37]}
exf4 {[%clk 0:10:55]} 27. Qd2 {[%clk 0:06:09]} Rxc6 {[%clk 0:10:42]} 28. Qxf4
{[%clk 0:06:05]} Bg5 {[%clk 0:08:02]} 29. Nxg5 {[%clk 0:06:24]} Qxg5 {[%clk
0:08:22]} 30. Qxg5 {[%clk 0:04:44]} hxg5 {[%clk 0:08:51]} 31. Rd5 {[%clk
0:04:25]} f6 {[%clk 0:08:50]} 32. Rd4 {[%clk 0:02:35]} Rec8 {[%clk 0:07:49]}
33. Rb1 {[%clk 0:01:55]} Kf7 {[%clk 0:07:56]} 34. Kf1 {[%clk 0:01:47]} Rxc4
{[%clk 0:07:35]} 35. Rxc4 {[%clk 0:01:53]} Rxc4 {[%clk 0:07:56]} 36. Rxb6
{[%clk 0:02:21]} Rc6 {[%clk 0:07:03]} 37. Rb7 {[%clk 0:02:12]} Ke6 {[%clk
0:06:52]} 38. Ke2 {[%clk 0:02:17]} Kxd6 {[%clk 0:06:25]} 39. Kd3 {[%clk
0:02:33]} Ke6 {[%clk 0:05:46]} 40. g4 {[%clk 0:02:06]} g6 {[%clk 0:05:26]} 41.
Rb8 {[%clk 0:01:01]} f5 {[%clk 0:04:20]} 42. Rg8 {[%clk 0:29:30]} fxg4 {[%clk
0:28:09]} 43. hxg4 {[%clk 0:27:07]} Ke5 {[%clk 0:28:14]} 44. Rg7 {[%clk
0:25:14]} d5 {[%clk 0:25:58]} 45. Rf7 {[%clk 0:19:01]} Rf6 {[%clk 0:24:53]} 46.
Re7+ {[%clk 0:18:03]} Kf4 {[%clk 0:23:38]} 47. Kd4 {[%clk 0:17:54]} Kxg4 {[%clk
0:22:17]} 48. Re2 {[%clk 0:17:44]} Rf3 {[%clk 0:19:45]} 49. Ra2 {[%clk
0:12:09]} Kh3 {[%clk 0:19:16]} 50. Kxd5 {[%clk 0:12:26]} Kg2 {[%clk 0:19:25]}
51. Rb2 {[%clk 0:09:33]} Rxa3 {[%clk 0:16:22]} 52. f4+ {[%clk 0:09:04]} Kg3
{[%clk 0:16:31]} 53. fxg5 {[%clk 0:09:26]} Kf4 {[%clk 0:12:25]} 54. Rg2 {[%clk
0:08:19]} Re3 {[%clk 0:07:29]} 55. Kd4 {[%clk 0:06:52]} Re6 {[%clk 0:06:25]}
56. Rg1 {[%clk 0:06:49]} a5 {[%clk 0:06:17]} 57. Ra1 {[%clk 0:04:00]} a4 {[%clk
0:05:54]} 58. Kd5 {[%clk 0:01:31]} Ra6 {[%clk 0:06:07]} 59. Kc4 {[%clk
0:01:25]} Kxg5 {[%clk 0:05:52]} 60. Kb5 {[%clk 0:01:36]} Ra8 {[%clk 0:05:52]}
0-1

[Event "DVM U20 2017"]
[Site "Düsseldorf GER"]
[Date "2017.12.28"]
[Round "3"]
[White "Xu, Xianliang"]
[Black "Kollars, Dmitrij"]
[Result "1/2-1/2"]
[Termination "normal"]
[Board "3.1"]
[WhiteTitle "FM"]
[BlackTitle "GM"]
[WhiteElo "2401"]
[BlackElo "2501"]
[WhiteClock "00:07:12"]
[BlackClock "00:30:45"]
[WhiteTeam "SG Porz"]
[BlackTeam "Hamburger SK"]
[PlyCount "99"]
[WhiteFideId "4603230"]
[BlackFideId "12909572"]
[EventCountry "GER"]
[EventRounds "7"]
[EventType "team-swiss"]
[EventDate "2017.12.26"]

1. e4 {[%clk 1:30:55]} e5 {[%clk 1:30:53]} 2. Nf3 {[%clk 1:31:09]} Nc6 {[%clk
1:31:17]} 3. d4 {[%clk 1:31:13]} exd4 {[%clk 1:31:36]} 4. Bc4 {[%clk 1:31:14]}
Nf6 {[%clk 1:31:32]} 5. O-O {[%clk 1:30:49]} Nxe4 {[%clk 1:31:33]} 6. Re1
{[%clk 1:30:59]} d5 {[%clk 1:31:57]} 7. Bxd5 {[%clk 1:31:18]} Qxd5 {[%clk
1:32:20]} 8. Nc3 {[%clk 1:31:40]} Qd7 {[%clk 1:32:03]} 9. Rxe4+ {[%clk
1:30:38]} Be7 {[%clk 1:32:03]} 10. Nb5 {[%clk 1:27:48]} O-O {[%clk 1:29:38]}
11. Bf4 {[%clk 1:24:45]} Bd8 {[%clk 1:21:19]} 12. Nbxd4 {[%clk 1:13:28]} b6
{[%clk 1:15:21]} 13. Nb5 {[%clk 1:00:09]} Qf5 {[%clk 1:08:22]} 14. Qe2 {[%clk
0:59:38]} Bb7 {[%clk 1:01:00]} 15. Bxc7 {[%clk 0:47:54]} Bxc7 {[%clk 0:45:20]}
16. Nxc7 {[%clk 0:48:17]} Rac8 {[%clk 0:40:30]} 17. Nb5 {[%clk 0:47:59]} Qf6
{[%clk 0:40:41]} 18. c3 {[%clk 0:45:47]} Nd8 {[%clk 0:30:51]} 19. Re8 {[%clk
0:30:36]} Ne6 {[%clk 0:29:14]} 20. Rxc8 {[%clk 0:29:32]} Rxc8 {[%clk 0:29:00]}
21. Nbd4 {[%clk 0:29:27]} Nf4 {[%clk 0:27:10]} 22. Qe3 {[%clk 0:28:45]} g5
{[%clk 0:25:39]} 23. h3 {[%clk 0:19:53]} h5 {[%clk 0:24:45]} 24. Re1 {[%clk
0:18:26]} g4 {[%clk 0:22:38]} 25. hxg4 {[%clk 0:18:48]} hxg4 {[%clk 0:23:05]}
26. Nh4 {[%clk 0:17:03]} Rc5 {[%clk 0:22:38]} 27. Qe7 {[%clk 0:14:20]} Qxe7
{[%clk 0:20:31]} 28. Rxe7 {[%clk 0:14:49]} Bd5 {[%clk 0:20:41]} 29. Rxa7 {[%clk
0:10:05]} Nd3 {[%clk 0:21:02]} 30. Ra6 {[%clk 0:08:06]} Nxb2 {[%clk 0:21:03]}
31. Rxb6 {[%clk 0:08:06]} Na4 32. Rb5 {[%clk 0:05:04]} Rxb5 {[%clk 0:18:57]}
33. Nxb5 {[%clk 0:05:33]} Bxa2 {[%clk 0:19:05]} 34. Nf5 {[%clk 0:04:36]} Kh7
{[%clk 0:17:10]} 35. Ne3 {[%clk 0:02:32]} Be6 {[%clk 0:17:29]} 36. c4 {[%clk
0:02:09]} Kg6 {[%clk 0:17:02]} 37. Nd4 {[%clk 0:02:00]} Bd7 {[%clk 0:16:23]}
38. Kh2 {[%clk 0:01:22]} Nc5 {[%clk 0:15:09]} 39. f3 {[%clk 0:00:51]} gxf3
{[%clk 0:15:35]} 40. Nxf3 {[%clk 0:01:02]} Nd3 {[%clk 0:08:41]} 41. Nd4 {[%clk
0:23:05]} Kf6 {[%clk 0:35:44]} 42. Kg3 {[%clk 0:15:56]} Ke5 {[%clk 0:33:36]}
43. Nf3+ {[%clk 0:14:11]} Ke4 {[%clk 0:30:12]} 44. Nd5 {[%clk 0:13:19]} Be6
{[%clk 0:28:55]} 45. Ng5+ {[%clk 0:07:59]} Kd4 {[%clk 0:29:06]} 46. Nxe6+
{[%clk 0:08:15]} fxe6 {[%clk 0:29:32]} 47. Nf4 {[%clk 0:06:25]} Ne1 {[%clk
0:29:54]} 48. Nxe6+ {[%clk 0:06:47]} Kxc4 {[%clk 0:30:19]} 49. Kf2 {[%clk
0:07:12]} Nxg2 {[%clk 0:30:45]} 50. Kxg2 1/2-1/2

[Event "DVM U20 2017"]
[Site "Düsseldorf GER"]
[Date "2017.12.28"]
[Round "3"]
[White "Kramer, Julian"]
[Black "Fieberg, Samuel"]
[Result "1/2-1/2"]
[Termination "normal"]
[Board "3.2"]
[WhiteTitle "FM"]
[WhiteElo "2373"]
[BlackElo "2234"]
[WhiteClock "00:09:47"]
[BlackClock "00:11:53"]
[WhiteTeam "Hamburger SK"]
[BlackTeam "SG Porz"]
[PlyCount "154"]
[WhiteFideId "12921742"]
[BlackFideId "12901717"]
[EventCountry "GER"]
[EventRounds "7"]
[EventType "team-swiss"]
[EventDate "2017.12.26"]

1. e4 {[%clk 1:30:57]} c5 {[%clk 1:30:57]} 2. Nf3 {[%clk 1:31:12]} Nc6 {[%clk
1:31:19]} 3. Bb5 {[%clk 1:31:36]} g6 {[%clk 1:31:44]} 4. Bxc6 {[%clk 1:31:57]}
bxc6 {[%clk 1:32:10]} 5. O-O {[%clk 1:32:14]} Bg7 {[%clk 1:32:36]} 6. Re1
{[%clk 1:32:17]} f6 {[%clk 1:33:00]} 7. c3 {[%clk 1:26:31]} Nh6 {[%clk
1:32:45]} 8. h3 {[%clk 1:25:46]} Nf7 {[%clk 1:32:50]} 9. d4 {[%clk 1:25:20]}
cxd4 {[%clk 1:33:15]} 10. cxd4 {[%clk 1:25:38]} d6 {[%clk 1:32:51]} 11. Qc2
{[%clk 1:22:57]} Bd7 {[%clk 1:32:20]} 12. e5 {[%clk 1:13:51]} fxe5 {[%clk
1:27:51]} 13. dxe5 {[%clk 1:14:15]} Nxe5 {[%clk 1:27:49]} 14. Nxe5 {[%clk
1:14:19]} Bxe5 {[%clk 1:28:08]} 15. Bh6 {[%clk 1:11:21]} Bf6 {[%clk 1:20:14]}
16. Nd2 {[%clk 1:09:49]} d5 {[%clk 1:18:56]} 17. Nf3 {[%clk 1:03:06]} Qb8
{[%clk 1:07:59]} 18. b4 {[%clk 0:35:07]} Kf7 {[%clk 0:57:49]} 19. Ng5+ {[%clk
0:30:53]} Bxg5 {[%clk 0:58:00]} 20. Bxg5 {[%clk 0:31:20]} e5 {[%clk 0:58:16]}
21. b5 {[%clk 0:28:24]} Qd6 {[%clk 0:55:40]} 22. Rad1 {[%clk 0:24:39]} cxb5
{[%clk 0:25:51]} 23. Qe4 {[%clk 0:22:39]} dxe4 {[%clk 0:24:07]} 24. Rxd6 {[%clk
0:23:04]} Be6 {[%clk 0:19:27]} 25. Rxe4 {[%clk 0:23:15]} Rhe8 {[%clk 0:14:26]}
26. Rxe5 {[%clk 0:22:39]} Bc4 {[%clk 0:14:06]} 27. Rd7+ {[%clk 0:20:13]} Kg8
{[%clk 0:14:29]} 28. Rc5 {[%clk 0:15:59]} Rac8 {[%clk 0:13:00]} 29. Rxc8 {[%clk
0:15:53]} Rxc8 {[%clk 0:13:26]} 30. Rxa7 {[%clk 0:16:09]} h5 {[%clk 0:09:34]}
31. Bf6 {[%clk 0:15:49]} Rc6 {[%clk 0:09:48]} 32. Be5 {[%clk 0:12:11]} b4
{[%clk 0:09:24]} 33. Rb7 {[%clk 0:11:40]} Bxa2 {[%clk 0:09:41]} 34. Rxb4 {[%clk
0:12:07]} Kf7 {[%clk 0:09:03]} 35. Rf4+ {[%clk 0:09:38]} Ke6 {[%clk 0:08:15]}
36. Bg7 {[%clk 0:09:48]} Bb1 {[%clk 0:08:19]} 37. Kh2 {[%clk 0:09:34]} Rc7
{[%clk 0:07:47]} 38. Rf6+ {[%clk 0:09:04]} Kd5 {[%clk 0:08:03]} 39. Bf8 {[%clk
0:07:39]} Bf5 {[%clk 0:06:34]} 40. Rd6+ {[%clk 0:05:50]} Ke5 {[%clk 0:05:40]}
41. Ra6 {[%clk 0:05:31]} Rc2 {[%clk 0:05:53]} 42. Bd6+ {[%clk 0:05:42]} Kd5
{[%clk 0:05:36]} 43. Bg3 {[%clk 0:05:04]} Rc6 {[%clk 0:03:22]} 44. Ra5+ {[%clk
0:05:30]} Kd4 {[%clk 0:03:18]} 45. Bf4 {[%clk 0:05:18]} Rc2 {[%clk 0:02:22]}
46. Be3+ {[%clk 0:05:22]} Kd3 {[%clk 0:01:53]} 47. Kg3 {[%clk 0:01:33]} Rc4
{[%clk 0:01:45]} 48. Rd5+ {[%clk 0:01:47]} Ke2 {[%clk 0:29:53]} 49. Rd2+ {[%clk
0:32:30]} Ke1 {[%clk 0:29:20]} 50. Rb2 {[%clk 0:30:18]} Bc2 {[%clk 0:19:51]}
51. Rb6 {[%clk 0:26:33]} Ke2 {[%clk 0:19:03]} 52. Re6 {[%clk 0:26:10]} Bf5
{[%clk 0:18:32]} 53. Re5 {[%clk 0:25:54]} Kd3 {[%clk 0:17:55]} 54. Bg5 {[%clk
0:22:57]} Re4 {[%clk 0:17:14]} 55. Ra5 {[%clk 0:23:19]} Rc4 {[%clk 0:17:31]}
56. Bf6 {[%clk 0:18:14]} Ke2 {[%clk 0:15:53]} 57. f3 {[%clk 0:16:06]} Kf1
{[%clk 0:14:51]} 58. Ra1+ {[%clk 0:16:29]} Ke2 {[%clk 0:15:15]} 59. Be5 {[%clk
0:14:31]} Bd3 {[%clk 0:13:07]} 60. Kh2 {[%clk 0:14:18]} Bc2 {[%clk 0:09:27]}
61. Rg1 {[%clk 0:11:38]} Rb4 {[%clk 0:08:24]} 62. Rc1 {[%clk 0:10:45]} Kd2
{[%clk 0:07:47]} 63. Rg1 {[%clk 0:10:19]} Rb1 {[%clk 0:07:47]} 64. Bf4+ {[%clk
0:10:45]} Ke2 {[%clk 0:08:11]} 65. Bc1 {[%clk 0:09:57]} Bd1 {[%clk 0:08:34]}
66. Bf4 {[%clk 0:09:20]} Bc2 {[%clk 0:09:00]} 67. Bc1 {[%clk 0:07:57]} Bd1
{[%clk 0:09:23]} 68. Ba3 {[%clk 0:07:35]} Bc2 {[%clk 0:09:45]} 69. Rxb1 {[%clk
0:08:03]} Bxb1 {[%clk 0:10:11]} 70. Kg3 {[%clk 0:08:26]} Kd3 {[%clk 0:10:15]}
71. Kf4 {[%clk 0:08:50]} Kc4 {[%clk 0:10:28]} 72. Ke5 {[%clk 0:08:31]} Bd3
{[%clk 0:10:44]} 73. g4 {[%clk 0:08:39]} hxg4 {[%clk 0:11:10]} 74. hxg4 {[%clk
0:08:48]} Kb5 {[%clk 0:11:23]} 75. f4 {[%clk 0:09:14]} Kc6 {[%clk 0:11:31]} 76.
f5 {[%clk 0:09:30]} Bxf5 {[%clk 0:11:53]} 77. gxf5 {[%clk 0:09:47]} gxf5
1/2-1/2

[Event "DVM U20 2017"]
[Site "Düsseldorf GER"]
[Date "2017.12.28"]
[Round "3"]
[White "Bunyatov, Rustam"]
[Black "Uksini, Bardhyl"]
[Result "1/2-1/2"]
[Termination "normal"]
[Board "3.3"]
[WhiteTitle "FM"]
[WhiteElo "2166"]
[BlackElo "2331"]
[WhiteClock "00:06:25"]
[BlackClock "00:03:52"]
[WhiteTeam "SG Porz"]
[BlackTeam "Hamburger SK"]
[PlyCount "73"]
[WhiteFideId "13410210"]
[BlackFideId "1628313"]
[EventCountry "GER"]
[EventRounds "7"]
[EventType "team-swiss"]
[EventDate "2017.12.26"]

1. e4 {[%clk 1:30:58]} c5 {[%clk 1:30:37]} 2. Nf3 {[%clk 1:31:22]} e6 {[%clk
1:30:56]} 3. d4 {[%clk 1:31:47]} cxd4 {[%clk 1:30:23]} 4. Nxd4 {[%clk 1:32:11]}
Nc6 {[%clk 1:30:45]} 5. Nc3 {[%clk 1:32:33]} Nf6 {[%clk 1:31:07]} 6. Nxc6
{[%clk 1:25:08]} bxc6 {[%clk 1:31:24]} 7. e5 {[%clk 1:25:02]} Nd5 {[%clk
1:31:48]} 8. Nxd5 {[%clk 1:18:35]} cxd5 {[%clk 1:30:38]} 9. Bd3 {[%clk
1:16:26]} Qc7 {[%clk 1:28:05]} 10. Qe2 {[%clk 1:11:31]} Bb4+ {[%clk 1:27:53]}
11. Kf1 {[%clk 1:11:54]} Rb8 {[%clk 1:23:50]} 12. h4 {[%clk 1:09:53]} Bc3
{[%clk 1:20:59]} 13. f4 {[%clk 0:58:16]} Bxb2 {[%clk 1:20:45]} 14. Bxb2 {[%clk
0:58:23]} Rxb2 {[%clk 1:21:08]} 15. Qg4 {[%clk 0:58:07]} Kf8 {[%clk 1:13:57]}
16. Rh3 {[%clk 0:56:12]} d6 {[%clk 1:07:10]} 17. Rg3 {[%clk 0:48:44]} g6 {[%clk
1:07:13]} 18. Qg5 {[%clk 0:46:26]} Rb4 {[%clk 1:01:39]} 19. a3 {[%clk 0:39:11]}
Rb6 {[%clk 0:52:16]} 20. h5 {[%clk 0:32:10]} Ke8 {[%clk 0:52:05]} 21. a4 {[%clk
0:23:34]} Rf8 {[%clk 0:47:06]} 22. Re1 {[%clk 0:19:54]} Ba6 {[%clk 0:39:27]}
23. Kg1 {[%clk 0:16:55]} Bxd3 {[%clk 0:37:52]} 24. Rxd3 {[%clk 0:16:49]} Qe7
{[%clk 0:37:36]} 25. Qg3 {[%clk 0:14:52]} dxe5 {[%clk 0:37:32]} 26. fxe5 {[%clk
0:14:39]} gxh5 {[%clk 0:36:31]} 27. c4 {[%clk 0:11:17]} Qc5+ {[%clk 0:19:04]}
28. Kh1 {[%clk 0:11:18]} Rb4 {[%clk 0:18:08]} 29. cxd5 {[%clk 0:10:34]} Rg4
{[%clk 0:17:31]} 30. Qe3 {[%clk 0:10:58]} Qxe3 {[%clk 0:15:30]} 31. Rexe3
{[%clk 0:11:22]} exd5 {[%clk 0:15:20]} 32. Rxd5 {[%clk 0:11:38]} Rxa4 {[%clk
0:14:54]} 33. e6 {[%clk 0:10:39]} fxe6 {[%clk 0:11:40]} 34. Rxe6+ {[%clk
0:11:03]} Kf7 {[%clk 0:12:01]} 35. Rh6 {[%clk 0:09:57]} h4 {[%clk 0:07:18]} 36.
Rd7+ {[%clk 0:06:23]} Kg8 {[%clk 0:03:52]} 37. Rdxh7 {[%clk 0:06:25]} 1/2-1/2